| 000 | 00857cam a22002771 4500 | ||
|---|---|---|---|
| 001 | 5928591 | ||
| 003 | OSt | ||
| 005 | 20230602122728.0 | ||
| 008 | 761001s1927 nyu 000 0 eng | ||
| 010 | _a2006044793 | ||
| 020 | _a0205308902 | ||
| 035 | _a(OCoLC)2476541 | ||
| 040 |
_aDLC _cLC _dDLC |
||
| 042 | _apremarc | ||
| 050 | 0 | 0 | _aPN4129.Z36 |
| 100 | 1 |
_aZarefsky, David _91492 |
|
| 245 | 1 | 0 |
_aPublic speaking strategies for success. / _cDavid Zarefsky |
| 246 | _aAllyn & Bacon interactive edition user's guide | ||
| 250 | _a2nd ed. | ||
| 260 |
_aBoston : _bAllyn & Bacon, _c2000. |
||
| 300 |
_a48 p. : _eCD-ROM |
||
| 500 | _a[1 CD-ROM inside back cover] | ||
| 505 | _aContents: Minimum recommended system requirements -- Installation instructions -- What is the interactive edition? -- | ||
| 650 |
_aPublic speaking _9715 |
||
| 942 |
_2lcc _cBK |
||
| 999 |
_c9645 _d17145 |
||